Ảnh hưởng của quản lý nước và hàm lượng kẽm đến sinh trưởng và năng suất của giống lúa OM4900 trồng trong chậu : Luận văn tốt nghiệp Cao học. Chuyên ngành Khoa học cây trồng

Mục tiêu là xem xét ảnh hưởng tương tác giữa mực nước tưới và hàm lượng kẽm bổ sung lên sinh trưởng, năng suất lúa OM4900

Salvato in:
Dettagli Bibliografici
Autore principale: Lê, Thị Kim Mai
Natura: Libro
Lingua:Undetermined
Pubblicazione: Cần Thơ Trường Đại học Cần Thơ 2016
Soggetti:
Tags: Aggiungi Tag
Nessun Tag, puoi essere il primo ad aggiungerne! !
Thư viện lưu trữ: Trung tâm Học liệu Trường Đại học Cần Thơ
LEADER 01108nam a2200229Ia 4500
001 CTU_217089
008 210402s9999 xx 000 0 und d
082 |a 633.18 
082 |b M103 
088 |a 60620110 
100 |a Lê, Thị Kim Mai 
245 0 |a Ảnh hưởng của quản lý nước và hàm lượng kẽm đến sinh trưởng và năng suất của giống lúa OM4900 trồng trong chậu : 
245 0 |b Luận văn tốt nghiệp Cao học. Chuyên ngành Khoa học cây trồng 
245 0 |c Lê Thị Kim Mai ; Phạm Phước Nhẫn (Người hướng dẫn) 
260 |a Cần Thơ 
260 |b Trường Đại học Cần Thơ 
260 |c 2016 
520 |a Mục tiêu là xem xét ảnh hưởng tương tác giữa mực nước tưới và hàm lượng kẽm bổ sung lên sinh trưởng, năng suất lúa OM4900 
650 |a Cây lúa,Rice 
650 |x Trồng,Planting 
904 |i Hiền,Hải 
980 |a Trung tâm Học liệu Trường Đại học Cần Thơ